Čínsky paradox: vzostup s poklesom Za veľkým múrom spoznávajú čo je to víkend

Hospodárske prognózy Číny. Dynamický rast hrubého domáceho produktu, vzrastajúca konkurencieschopnosť Číny voči USA a Japonsku. Problémy a perspektívy čínskej ekonomiky. Vplyv Číny na Áziu. Poskytovanie pracovných príležitostí obyvateľom Západu. Príprava veľkých medzinárodných personálno-poradenskýc...

Descrizione completa

Salvato in:
Dettagli Bibliografici
Autore principale: Janek, Miroslav
Natura: Capitolo di libro
Lingua:slovacco
Soggetti:
Tags: Aggiungi Tag
Nessun Tag, puoi essere il primo ad aggiungerne!!

MARC

LEADER 00000naa a2200000 4500
001 r017394
005 20221213100416.2
041 0 |a slo 
044 |a SK 
245 1 0 |a Čínsky paradox: vzostup s poklesom  |b Za veľkým múrom spoznávajú čo je to víkend  |c Miroslav Janek 
520 |a Hospodárske prognózy Číny. Dynamický rast hrubého domáceho produktu, vzrastajúca konkurencieschopnosť Číny voči USA a Japonsku. Problémy a perspektívy čínskej ekonomiky. Vplyv Číny na Áziu. Poskytovanie pracovných príležitostí obyvateľom Západu. Príprava veľkých medzinárodných personálno-poradenských spoločností na boom top manažérov do Číny. 
610 2 0 |a prognózy hospodárske 
610 2 0 |a produkt domáci hrubý 
610 2 0 |a Čína 
610 2 0 |a rast hospodársky dynamický 
610 2 0 |a situácia hospodárska 
610 2 0 |a konkurencieschopnosť 
610 2 0 |a manažment medzinárodný 
610 2 0 |a manažéri 
100 1 |a Janek, Miroslav